| 000 | 00578nam a2200145 a 4500 | ||
|---|---|---|---|
| 008 | 140422s1993 ||||||||||||||||| || u | ||
| 020 | _a0195208900 | ||
| 050 | _aIBRD(058)WDR/ES/1993 | ||
| 245 | 0 | 0 | _aWorld development report 1993: investing in health: executive summary |
| 260 |
_aOxford _bWorld Bank _c1993 |
||
| 300 | _avi, 23p. : ill. | ||
| 650 | 0 | _aECONOMIC DEVELOPMENT--AFRICA, SUB-SAHARAN | |
| 650 | _aHEALTH - FINANCE | ||
| 995 |
_FCBU-MAIN LIBRARY (Kitwe) _M1 _UAVAILABLE _WApr 22, 2014 _ZInternational Publications |
||
| 999 |
_c62051 _d62051 |
||